Los indios de México y Nueva España : antología /

Antología integrada con los capítulos que fray Bartolomé de las Casas dedicó al estudio y descripción de las costumbres y culturas de los indígenas mexicanos en la obra citada comúnmente como Apologética historia. La selección está distribuida en seis capítulos, que se ocupan de las ciudades, la art...

Повний опис

Збережено в:
Бібліографічні деталі
Автор: Casas, Bartolomé de las, Fray (autor)
Інші автори: O'Gorman, Edmundo (edición) (edición), Manrique, Jorge Alberto (edición) (edición)
Формат: Книга
Мова:Іспанська
Опубліковано: México : Porrúa, 1974, c1974
Редагування:3a edición
Серія:(Sepan Cuántos ; 57)
Предмети:
Теги: Додати тег
Немає тегів, Будьте першим, хто поставить тег для цього запису!

MARC

LEADER 00000nam^a2200000^a^4500
001 000000241
005 20250521000000.0
009 20260310083019.989
037 |a Acervo ITESO - Biblioteca 
041 |a ESP 
082 |a 082.  |b POR V. 57 
100 |a Casas, Bartolomé de las,  |c Fray  |e (autor) 
240 1 1 |a [Apologética historia] 
245 1 4 |a Los indios de México y Nueva España :  |b antología /  |c B. de las Casas ; ed., pról., ap. y notas de E. O'Gorman, J.A. Manrique. 
246 2 |a Título en la cubierta: Los indios de México y Nueva España 
250 |a 3a edición 
264 4 |a México :  |b Porrúa,  |c 1974, c1974 
300 |a XXXIV, 225 p. :  |b tapa dura 
336 |a texto  |b txt  |2 rdacontenido 
337 |a sin mediación  |b n  |2 rdamedio 
338 |a volumen  |b nc  |2 rdasoporte 
440 1 |a (Sepan Cuántos ;  |v 57) 
520 |a Antología integrada con los capítulos que fray Bartolomé de las Casas dedicó al estudio y descripción de las costumbres y culturas de los indígenas mexicanos en la obra citada comúnmente como Apologética historia. La selección está distribuida en seis capítulos, que se ocupan de las ciudades, la artesanía, la milicia, el comercio, la religión y las instituciones civiles, en ese orden. 
586 |a Premio Nacional de Ciencias y Artes, categoría Lingüística y Literatura (25°: 1974), ex aequo 
586 |a Premio Nacional de Ciencias y Artes, categoría Historia, Ciencias Sociales y Filosofía (56°: 2005), ex aequo con Elisa Vargaslugo 
649 |a XX 
650 |a Indígenas de México -  |x Condiciones Sociales y Culturales 
650 |a Indígenas de México -  |x Historia -  |y Siglo XVI -  |x Tema Principal 
650 |a Indígenas de México -  |x Historia -  |y Epoca Prehispánica 
650 |a Indígenas de México -  |x Historia -  |y Virreinato, 1535-1821 
650 |a Indígenas de México -  |x Historia -  |y Epoca Colonial, 1517-1821 
650 |a México -  |x Descripción 
650 |a México -  |x Historia -  |y Siglo XVI -  |x Tema Principal 
650 |a México -  |x Historia -  |y Epoca Prehispánica 
650 |a México -  |x Historia -  |y Virreinato, 1535-1821 
650 |a México -  |x Historia -  |y Epoca Colonial, 1517-1821 
650 |a Casas, Bartolomé de las,  |c Fray 
700 |a O'Gorman, Edmundo  |e (edición) 
700 |a Manrique, Jorge Alberto  |e (edición) 
910 |a Fondo General 
920 |a Impresos - Libros 
930 |a Colección General 
940 |a Literatura 
905 |a 101 
901 |a 0500008530  |b IT1  |c LIT  |u 20250521 
902 |a https://opac.biblio.iteso.mx/vufind/Record/000000241